[Event "58. BEM 2004"]
[Site "Dortmund"]
[Date "2004.03.08"]
[Round "4.13"]
[White "Kartsev, Soel"]
[Black "Raskin, Vitali"]
[Result "1-0"]
[WhiteElo "2172"]
[BlackElo "1668"]
[Annotator "Fritz 7 (15s)"]
[PlyCount "55"]
[EventDate "2004.??.??"]
[Source "SG Dortmund"]
[SourceDate "2004.12.16"]

{C29: Vienna Game: 2...Nf6 3 f4
} 1. e4 e5 2. Nc3 Nf6 3. f4 d6 4. Nf3 Nc6 5.
Bb5 Bd7 6. O-O exf4 $146 (6... Be7 7. d3 exf4 (7... O-O 8. f5 (8. Kh1 Nd4 (8...
Nh5 9. Bxc6 bxc6 10. Nxe5 Ng3+ 11. hxg3 dxe5 12. fxe5 Bg5 13. Qf3 Bxc1 14.
Raxc1 Qg5 15. Qf4 Qh5+ 16. Kg1 Rae8 17. Kf2 f5 18. Kg1 fxe4 19. Qxe4 Rxe5 20.
Rxf8+ Kxf8 21. Rf1+ Kg8 22. Qf4 h6 23. Ne4 {
Lasker,E-McLeod,N/CAN 1892/EXT 2001/0-1 (60)}) 9. Bxd7 Nxd7 10. Nxd4 exd4 11.
Ne2 c5 12. Ng3 g6 13. f5 Bf6 14. Qg4 Ne5 15. Qh3 Bg5 16. Bf4 Bxf4 17. Rxf4 g5
18. f6 Kh8 19. Rf5 Rg8 20. Qh5 Rg6 21. Raf1 Nd7 22. Rxg5 Nxf6 {
Vojan,I-Kuvsinovas,A/Zakopane 2000/CBM 77 ext/1/2-1/2 (58)}) 8... Be8 9. Kh1 d5
10. Bxc6 Bxc6 11. Nxe5 Qe8 12. Nxc6 Qxc6 13. e5 Nd7 14. d4 Qc4 15. f6 gxf6 16.
Bh6 Kh8 17. Qg4 Rg8 18. Qxd7 Bf8 19. Rxf6 Bxh6 20. Rxh6 Raf8 21. Nxd5 Qe2 22.
Qh3 {Day,L-Naumann,F/Calgary 1996/EXT 99/1-0 (36)}) 8. Bxf4 O-O 9. Qd2 a6 10.
Ba4 Na7 11. Bb3 b5 12. a3 c5 13. Rac1 Nc6 14. Nd5 Ng4 15. Qc3 b4 16. axb4 cxb4
17. Nxb4 Qb6+ 18. d4 Nxb4 19. h3 Rac8 20. Qd2 Nf6 21. Kh1 a5 22. c3 Na6 23. Ba2
Bb5 24. Rg1 Qd8 25. e5 Nh5 26. Bh2 g6 27. Qh6 Bc4 28. Bxc4 Rxc4 29. g4 Ng7 30.
exd6 Qa8 31. Rgf1 Bf6 32. Kg1 Ne6 33. Be5 Bxe5 34. Nxe5 Rcc8 35. Nd7 Ng5 36.
Qxg5 {1-0 Petzold,L-Warnecke,C/Uelzen 1999/EXT 2002 (36)}) (6... Qe7 7. d4
O-O-O 8. d5 Na5 9. b4 Nc4 10. Bxc4 g6 11. fxe5 dxe5 12. Rb1 c6 13. Bg5 h6 14.
d6 {1-0 Buytaert,K-Verbeke,P/BEL 1998/EXT 2002 (14)}) 7. d4 a6 8. Bc4 Bg4 9.
Bxf4 Be7 10. h3 Bh5 11. a3 {Punkt b4} 11... O-O 12. Qd3 Bxf3 13. Rxf3 b5 14.
Ba2 Qb8 15. e5 dxe5 16. dxe5 Rd8 17. Nd5 (17. Qe3 $142 $5 b4 18. exf6 Bxf6 19.
Ne2 bxa3 20. Qxa3 Bxb2 21. Bxf7+ Kh8 22. Qa2 Bxa1 23. Qxa1 $18) 17... Nxd5 18.
Bxd5 Qb6+ $2 (18... Bc5+ $142 $5 {und Schwarz spielt mit} 19. Kf1 Nd4 20. Bxa8
Nxf3 21. Qxf3 Qxa8 22. Qxa8 Rxa8 $14) 19. Kh1 $18 Kh8 $2 (19... Qc5 $142 20.
Bxf7+ $1 {Beseitigt den Bauernschutz} 20... Kh8 $18) 20. Qe4 Rxd5 21. Qxd5 Rf8
22. Be3 Qb7 23. Rxf7 Re8 (23... Rxf7 {ist noch eine duenne Chance} 24. Qxf7 Qc8
$18) 24. Raf1 h6 25. e6 Nd8 26. Qe5 Bf6 27. R1xf6 Nxf7 (27... gxf6 {
aendert nichts mehr} 28. Qxf6+ Kg8 29. Qg7#) 28. Rxf7 (28. Rxf7 Rg8 29. Bxh6
Kh7 30. Rxg7+ Kh8 31. Rf7+ Rg7 32. Qxg7#) 1-0

[Event "58. BEM 2004"]
[Site "Dortmund"]
[Date "2004.03.08"]
[Round "4.14"]
[White "Zimmermann, Dirk"]
[Black "Orlowski, Wilfried"]
[Result "1-0"]
[WhiteElo "2025"]
[BlackElo "1668"]
[Annotator "Fritz 7 (15s)"]
[PlyCount "51"]
[EventDate "2004.??.??"]
[Source "SG Dortmund"]
[SourceDate "2004.12.16"]

{B20: Sicilian: Unusual White 2nd moves
} 1. e4 c5 2. b3 d6 3. Bb2 e6 4. g3 (4.
Bb5+ Bd7 5. Bxd7+ Nxd7 6. Qe2 Ngf6 7. f4 Be7 8. c4 O-O 9. Nc3 Nb8 10. Nf3 Nc6
11. O-O Nd7 12. Nd1 Qc7 13. Re1 Rae8 14. a3 Na5 15. b4 cxb4 16. axb4 Nxc4 17.
Rc1 d5 18. d3 Bxb4 {Hjorth,G-Ivanov,I/New York 1984/MCD/0-1 (32)}) 4... Nc6
$146 (4... Nf6 5. Bg2 Be7 6. Ne2 (6. d3 Nc6 7. Nd2 O-O 8. Ne2 Bd7 9. O-O Qc7
10. Nc4 b5 11. Ne3 Rac8 12. f4 Qb6 13. Kh1 c4 14. Qd2 cxd3 15. cxd3 a6 16. Rac1
Rc7 17. e5 dxe5 18. fxe5 Ne8 19. Rc2 Bg5 20. Nd5 Bxd2 21. Nxb6 Be3 22. Nxd7
Rxd7 23. Bxc6 Rc7 24. d4 f6 25. Nf4 Bxf4 26. Rxf4 fxe5 27. Rxf8+ Kxf8 28. Rf2+
Ke7 29. Ba3+ Nd6 30. Bxd6+ Kxd6 31. Be4 exd4 32. Rd2 h6 33. Bg6 e5 34. Kg2 Kd5
35. Re2 Re7 36. Kf3 b4 37. Be4+ Kd6 38. Bd3 a5 39. Ke4 Rf7 40. Rc2 Rf6 41. Bb5
Re6 42. h3 g6 {1/2-1/2 Grigorgevskiy,A-Schaffer,H/Ronneburg 1996/EXT 2002 (42)}
) 6... O-O 7. O-O Nc6 8. c4 (8. f4 d5 9. e5 Nd7 10. Kh1 Re8 11. d4 cxd4 12.
Nxd4 Nxd4 13. Bxd4 Qc7 14. Nd2 b5 15. c3 Bc5 16. Rc1 Bb7 17. b4 Bb6 18. Nb3
Rac8 19. g4 Qd8 20. Rf3 Qe7 21. Rh3 Bxd4 22. Nxd4 a6 {
Markovic,G-Markov,V/Belgrade 1993/EXT 2002/1-0 (40)}) 8... Qc7 9. Nbc3 a6 10.
d4 cxd4 11. Nxd4 Bd7 12. Rc1 Qb6 13. Nc2 Ne5 14. Ne3 Bc6 15. Qe2 a5 16. Ba3
Rfd8 17. Rfd1 Be8 18. Kh1 Nc6 19. Nc2 Nb4 20. Nd4 Nd7 21. Bb2 Nc5 22. Qg4 Ncd3
23. Qe2 Qxd4 24. Na4 Qxf2 {0-1 Bucinskas,V-Jocys,D/Vilnius 1996/CBM 53 ext (24)
}) 5. Bg2 Qc7 6. Ne2 e5 7. O-O Nf6 8. h3 {Der Gegner darf nicht nach g4} 8...
Be7 9. Nbc3 a6 {Kontrolliert b5} 10. f4 b5 11. Nd5 Qa7 12. g4 (12. Nec3 O-O $16
) 12... Bd8 13. Ng3 Nxd5 $2 (13... O-O $142 $11 {und Schwarz spielt mit}) 14.
exd5 $18 Bh4 $2 (14... Na5 $142 15. fxe5 dxe5 16. Bxe5 O-O $18) 15. Ne4 (15.
dxc6 $6 Bxg3 16. Qf3 Bxf4 $18) 15... Ne7 (15... O-O {
ist vielleicht ein Schwindelversuch} 16. dxc6 d5 $18) 16. Nxd6+ Kf8 (16... Kd7
{hilft allerdings auch nicht} 17. Nxf7 (17. Bxe5 $6 {ist minderwertig} 17... f6
$18) 17... Rg8 18. fxe5 $18) 17. fxe5 f6 (17... c4+ {hilft auch nicht mehr} 18.
Kh1 Ng6 19. Nxf7 $18) 18. exf6 gxf6 19. Bxf6 Bxf6 20. Rxf6+ Kg7 (20... Kg8 {
waere gleichermassen fruchtlos} 21. Qf3 c4+ 22. Kh2 $18) 21. Qf3 c4+ 22. Kh1
Qd4 23. Rf1 Ng6 24. Rf7+ Kh6 25. Ne4 (25. Nf5+ Kg5 26. Nxd4 cxb3 27. Qf6+ Kh6
28. Qg7+ Kg5 29. Nf3#) 25... Nh4 (25... Bxg4 {macht keinen grossen Unterschied}
26. Qxg4 Qe5 27. R1f6 Qxe4 28. Bxe4 cxb3 29. Qh4#) 26. Qf6+ (26. Qf6+ Qxf6 27.
R1xf6+ Ng6 28. Bf3 Bxg4 29. hxg4 cxb3 30. g5#) (26. Qf4+ Kg6 27. Qg5#) 1-0

[Event "58. BEM 2004"]
[Site "Dortmund"]
[Date "2004.03.08"]
[Round "4.15"]
[White "Büchle, Manfred"]
[Black "Schultz, Bernfried"]
[Result "1-0"]
[WhiteElo "1959"]
[BlackElo "1611"]
[Annotator "Fritz 7 (15s)"]
[PlyCount "115"]
[EventDate "2004.??.??"]
[Source "SG Dortmund"]
[SourceDate "2004.12.16"]

{B08: Pirc Defence: Classical System
} 1. e4 d6 2. d4 Nf6 3. Nc3 g6 4. Nf3 Bg7
5. h3 O-O 6. Bc4 Nxe4 7. Nxe4 d5 8. Bd3 dxe4 9. Bxe4 c5 10. c3 cxd4 11. Nxd4 e5
12. Nb5 Qxd1+ 13. Kxd1 Rd8+ $146 (13... Na6 14. Be3 Rd8+ 15. Kc2 (15. Ke2 f5
16. Rhd1 Rxd1 17. Rxd1 fxe4 18. Rd8+ Bf8 19. Kd2 b6 20. Nd6 Bb7 21. Nxb7 Rxd8+
22. Nxd8 Nb8 23. Bg5 Bc5 24. Ke2 a5 25. Ne6 Nd7 26. Bd8 Bd6 27. Ng5 Bb8 28. Ke3
h6 29. Nxe4 Kf7 {Kokkila,T-Susimaa,H/FIN 1989/EXT 97/1-0 (46)}) 15... f5 16.
Rhd1 Bd7 17. Bxb7 Bxb5 18. Bxa8 Rxa8 19. a4 Bc6 20. Rd6 Be4+ 21. Kd1 f4 22.
Rxa6 fxe3 23. fxe3 Bd3 24. Rd6 e4 25. Kd2 Rf8 26. Rxd3 exd3 27. Kxd3 Rf2 28. b4
{Ciornei,D-Schmidt,J/Budapest 1997/CBM 61 ext/0-1 (73)}) 14. Ke2 Na6 15. Bc2
Be6 16. Na3 Rac8 17. Bg5 f6 18. Be3 b6 {Punkt c5} 19. Bb3 Bxb3 20. axb3 Nc5 21.
Bxc5 Rxc5 22. Rhd1 Rcd5 23. Rxd5 Rxd5 24. Nc4 Rd7 25. b4 Bf8 26. Ne3 Kf7 27. b5
Ke6 28. Ra4 f5 29. f3 Be7 30. Rc4 Bc5 31. b4 Bd6 32. Rc6 Rc7 33. Rxc7 Bxc7 34.
Kd3 Bd6 35. Nc2 Be7 36. c4 Bd6 37. Kc3 Be7 38. Ne3 Bf8 39. Nd5 Bd6 40. Ne3 Bf8
41. Nd1 Be7 42. Nf2 Bd6 43. Nd3 e4 44. fxe4 fxe4 45. Ne1 Kf5 46. Nc2 Kf4 {
Aktiver Koenig im Endspiel} 47. Kd4 Kg3 (47... h5 $142 $5 $14 {
muss beachtet werden}) 48. c5 $16 Bc7 (48... Bb8 $5 49. Ne3 Kf4 50. Nd5+ Kg3
51. Kxe4 Kxg2 52. cxb6 axb6 53. Nxb6 Kxh3 $16) 49. Ne3 $18 h5 50. Kxe4 bxc5 51.
bxc5 Kf2 (51... h4 52. c6 $18) 52. g4 h4 $2 (52... Kg3 $18) 53. Nd5 Bg3 (53...
Bd8 {waere gleichermassen fruchtlos} 54. c6 $18) 54. c6 Kg2 (54... Bb8 {
waere noch eine kleine Chance} 55. c7 Bxc7 56. Nxc7 Kg3 $18) 55. Nf4+ Bxf4 (
55... Kf2 {macht keinen grossen Unterschied} 56. c7 Ke1 57. Nd3+ Kd2 58. c8=Q
Bc7 59. Qxc7 a5 60. Qc1+ Ke2 61. Qe1#) 56. Kxf4 $18 g5+ 57. Kxg5 (57. Ke3 a5
58. c7 Kg3 59. c8=Q Kh2 60. Qc2+ Kg3 61. Qf2+ Kxh3 62. Kf3 a4 63. Qg2#) 57...
Kxh3 58. c7 (58. c7 Kg3 59. c8=Q Kh2 60. Kf4 Kg2 61. Qc2+ Kg1 62. Kf3 h3 63.
Kg3 h2 64. Qg2#) (58. Kf4 Kh2 59. c7 Kh3 60. c8=Q Kg2 61. Qc2+ Kg1 62. Kf3 h3
63. Kg3 h2 64. Qg2#) 1-0

[Event "58. BEM 2004"]
[Site "Dortmund"]
[Date "2004.03.08"]
[Round "4.16"]
[White "Iwannek, Ralf"]
[Black "Ezzat, Tarik"]
[Result "1-0"]
[WhiteElo "1771"]
[BlackElo "1606"]
[Annotator "Fritz 7 (15s)"]
[PlyCount "93"]
[EventDate "2004.??.??"]
[Source "SG Dortmund"]
[SourceDate "2004.12.16"]

{C65: Ruy Lopez: Berlin Defence (3...Nf6), unusual lines and 4 0-0 Bc5
} 1. e4
e5 2. Nf3 Nc6 3. Bb5 Nf6 4. d3 Bc5 5. h3 O-O 6. Bg5 h6 7. Bh4 d6 8. c3 $146 {
Befestigt b4} (8. O-O Be6 9. Re1 d5 10. Bxc6 bxc6 11. exd5 cxd5 12. Nxe5 Be7
13. Nc6 Qd7 14. Nxe7+ Qxe7 15. Nc3 Kh8 16. Nxd5 Qd8 17. Nxf6 gxf6 18. Re3 Rg8
19. Rg3 Qd5 20. Bxf6+ Kh7 21. Qf3 Rxg3 22. Qxd5 Bxd5 {
Fersterer,H-Braeuer,F/Austria 2001/EXT 2002/1-0 (40)}) 8... a6 9. Bxc6 bxc6 10.
Bxf6 (10. Nbd2 $5 $11 {ist zu beachten}) 10... Qxf6 $15 ({Nachteilig ist} 10...
gxf6 11. Nh4 $14) 11. O-O d5 12. Nbd2 Re8 13. b4 Bb6 14. Qc2 Bb7 (14... Qg6 15.
Kh1 $15) 15. Nb3 Bc8 16. Qe2 Be6 17. Nbd2 c5 18. bxc5 Bxc5 19. exd5 Bxd5 20.
Ne4 Bxe4 (20... Qe7 $5 $15 {kam sehr in Betracht}) 21. Qxe4 $14 Qd6 22. Rfe1 {
e5 steht unter Druck} 22... f6 {Sichert g5} 23. Qc4+ Kh7 24. Nh4 Qb6 25. Qe4+
Kg8 26. Re2 Rad8 27. Nf5 Qe6 28. Qg4 Rd7 (28... Bf8 $5 $14 {kommt in Betracht})
29. d4 $16 Bd6 (29... Bf8 $142 $5 30. Nxh6+ Kh7 $16) 30. d5 $1 $18 {und aus}
30... Qxd5 31. Nxh6+ {Motiv: Abzugsangriff} 31... Kf8 32. Qxd7 gxh6 33. Qh7 h5
34. Qxh5 Re7 (34... Qf7 {aendert nichts am Ausgang der Partie} 35. Qf5 $18) 35.
Qh6+ Kf7 36. Re3 Qd2 (36... e4 {aendert den Lauf der Dinge nicht} 37. Qh7+ Ke8
38. Qg6+ Qf7 39. Qf5 $18) 37. Qh5+ Ke6 38. Qg4+ Kf7 (38... f5 {
haette noch versucht werden koennen} 39. Qg6+ Kd5 40. Qxf5 Kc5 $18) 39. Rg3 Re8
40. Qh5+ Ke7 41. Rg7+ Kd8 42. Rb1 Re7 43. Rb8+ (43. Qg4 $5 {ist genauer} 43...
f5 44. Rg8+ Kd7 45. Qxf5+ Kc6 46. Qe4+ Kc5 47. Qb4+ Kc6 48. Qa4+ Kd5 $18) 43...
Kd7 44. Qe8+ Ke6 45. Rxe7+ Bxe7 46. Qg8+ Kd6 (46... Kd7 {
ist ein letzter Strohhalm} 47. Qc8+ Kc6 48. Qxa6+ Kd5 49. c4+ Kd4 50. Qa7+ Ke4
51. Qb7+ Kf5 52. Qc8+ Kg6 53. Qg4+ Kh7 $18) 47. Rd8+ $1 {
Kombination mit Doppelangriff} (47. Rd8+ Bxd8 48. Qxd8+ Ke6 49. Qxd2 $18) 1-0

[Event "58. BEM 2004"]
[Site "Dortmund"]
[Date "2004.03.08"]
[Round "4.18"]
[White "Krüger, Georg"]
[Black "Zabel, Reinhard"]
[Result "1-0"]
[WhiteElo "1753"]
[BlackElo "1511"]
[Annotator "Fritz 7 (15s)"]
[PlyCount "101"]
[EventDate "2004.??.??"]
[Source "SG Dortmund"]
[SourceDate "2004.12.16"]

{D37: Queen's Gambit Declined: 5 Bf4
} 1. d4 d5 2. Nf3 e6 3. c4 Nf6 4. Nc3 Be7
5. Bf4 a6 6. e3 Nc6 (6... dxc4 7. Bxc4 (7. a4 Nd5 8. Bg3 Bb4 9. Qc2 Nd7 10.
Bxc4 O-O 11. O-O Nxc3 12. bxc3 Bd6 13. Bd3 g6 14. Nd2 b6 15. Be4 Rb8 16. f4 f5
17. Bf3 Bb7 18. Qa2 Re8 19. e4 c5 20. exf5 gxf5 21. Bh5 cxd4 {
Alvarez Fernandez,E-Garcia Gonzalez,M/Norena 2001/EXT 2002/1-0 (42)}) 7... b5
8. Be2 Bb7 9. O-O Nbd7 10. Ne5 Nxe5 11. Bxe5 O-O 12. Bf3 Bxf3 13. Qxf3 c5 14.
dxc5 Nd7 15. Bg3 Nxc5 16. Rfd1 Qa5 17. Ne4 {
1/2-1/2 Kindermann,S-Kurajica,B/Dortmund 1981/MCD (17)}) 7. Bd3 O-O 8. h3 $146
{Deckt g4} (8. O-O Re8 9. a3 dxc4 10. Bxc4 b5 11. Bd3 Bb7 12. Qc2 g6 13. Ne4
Nd5 14. Bg3 Rc8 15. Rac1 Bd6 16. Nc5 Bxc5 17. Qxc5 Qd7 18. Ne5 Nxe5 19. Bxe5 c6
20. e4 Ne7 21. Bf6 Rcd8 22. Qg5 {1-0 Delers,R-Dechamps,D/BEL 1998/EXT 2002 (22)
}) 8... Re8 9. a3 {Befestigt b4} 9... b6 10. Rc1 Bb7 11. Qc2 h6 {
Nimmt Einfluss auf g5} 12. cxd5 exd5 13. O-O Bd6 14. Rfd1 Bxf4 15. exf4 Qd6 16.
g3 Bc8 17. Bf1 (17. Ne2 $5 Ne7 18. Qxc7 Qxc7 19. Rxc7 Bxh3 20. Ne5 $14) 17...
Ne7 $15 18. Ne5 Bf5 19. Qb3 b5 (19... c5 20. dxc5 bxc5 21. Na4 $11) 20. Na2
Rac8 21. Nb4 c5 (21... Ne4 $5 $11 {muss beachtet werden}) 22. dxc5 $14 Rxc5 23.
Rxc5 Qxc5 24. Nxa6 Qb6 (24... Qa7 $5 25. Nb4 Ne4 $16) 25. Qxb5 $18 Qxb5 (25...
Qa7 $18) 26. Bxb5 Rc8 27. Nb4 (27. g4 $5 Be4 28. Nb4 Rc5 $18) 27... Bxh3 28.
Bf1 Bf5 29. f3 Bc2 30. Rc1 Bb3 31. Rxc8+ Nxc8 32. Kf2 Nb6 33. Bb5 Kf8 34. Nbc6
Nfd7 (34... Ne8 35. Nd4 Nc7 36. Be2 $18) 35. Nxd7+ Nxd7 36. Nd4 Nc5 37. Nxb3
Nxb3 38. Bc6 d4 39. Bd5 Nc5 40. Ke2 Na4 41. Kd3 Nxb2+ 42. Kxd4 Ke7 (42... Na4
43. Bc6 Nb6 44. Kc5 $18) 43. Kc3 (43. Bb3 $142 $18 {
und Schwarz kann direkt aufgeben}) 43... Na4+ 44. Kd4 $4 {
gibt den Vorteil aus der Hand} (44. Kb4 Nb6 45. Ba2 f6 $18) 44... f6 $4 {
danach wendet sich das Blatt} (44... Nb2 45. Bb3 h5 $18) 45. Bb3 Nb6 46. a4 Kd6
47. a5 Nc8 48. a6 (48. Bc2 Kc6 49. Ba4+ Kd6 $18) 48... g5 $2 (48... Kc6 $142 $5
$16) 49. fxg5 fxg5 50. g4 Na7 (50... Ne7 51. Ba4 Nc8 52. Ke4 $18) 51. Ke4 (51.
Ke4 Kc5 52. Kf5 $18) 1-0

[Event "58. BEM 2004"]
[Site "Dortmund"]
[Date "2004.03.08"]
[Round "4.19"]
[White "Morgenroth, Hubertus"]
[Black "Gerlach, André"]
[Result "1-0"]
[WhiteElo "1654"]
[BlackElo "1410"]
[Annotator "Fritz 7 (15s)"]
[PlyCount "71"]
[EventDate "2004.??.??"]
[Source "SG Dortmund"]
[SourceDate "2004.12.16"]

{C54: Giuoco Piano: 4 c3 Nf6, main lines with 5 d4 and 5 d3
} 1. e4 e5 2. Nf3
Nc6 3. Bc4 Bc5 4. c3 Nf6 5. d4 exd4 6. cxd4 Bb4+ 7. Nc3 Nxe4 8. O-O Bxc3 9.
bxc3 O-O 10. d5 (10. Re1 d5 11. Bd3 Bf5 12. Qc2 Re8 13. Ng5 Nxg5 14. Rxe8+ Qxe8
15. Bxg5 Bxd3 16. Qxd3 Qe6 17. Qe3 Qxe3 18. fxe3 Re8 19. Rb1 b6 20. Rb5 h6 21.
Bf4 g5 22. Bxc7 Rxe3 23. Rxd5 Rxc3 24. Rd6 Kg7 {
Benier,A-Marx,N/FRA 1999/EXT 2000/0-1 (67)}) 10... Na5 11. Bd3 Nc5 12. Bxh7+
Kh8 $146 (12... Kxh7 13. Ng5+ Kg8 (13... Kg6 14. h4 f5 15. h5+ Kf6 16. Qd4+ Ke7
17. Qxc5+ d6 18. Qxa5 Rh8 19. Ne6 Bxe6 20. Bg5+ {
1-0 Almao,C-Molino Garcia,A/San Jose 1998/EXT 2000 (20)}) 14. Qh5 Re8 15. Qh7+
Kf8 16. Qh8+ Ke7 17. Re1+ Kd6 18. Nxf7+ Kxd5 19. Qh5+ Kc6 20. Nxd8+ {
1-0 Bentz,C-Grobek,C/Landau 1996/EXT 2000 (20)}) (12... Kxh7 13. Ng5+ Kg6 14.
h4 $16) 13. Bc2 (13. Ng5 g6 14. Qd4+ f6 15. Qh4 $18) 13... d6 $4 {
ein Fehler in schlechter Stellung} (13... Kg8 $18) 14. Ng5 Qf6 (14... Qxg5 {
ist ein letzter Versuch} 15. Bxg5 f5 $18) 15. Qh5+ Qh6 16. Nxf7+ Rxf7 17. Bxh6
Kg8 18. Be3 Bf5 19. Bxf5 Rxf5 20. Qxf5 Rf8 21. Qg4 Nd3 22. Bd4 Ne5 23. Bxe5
dxe5 24. Qe6+ Rf7 25. Qxe5 Nc4 26. Qe8+ Rf8 27. Qh5 Nd6 28. Rfe1 Rf7 29. Re6 b6
(29... Rf8 {hilft auch nicht mehr} 30. Re7 Rf6 31. Rxc7 Ne4 32. Re1 a6 33. Rc8+
Rf8 34. Rxf8+ Kxf8 35. Rxe4 g6 36. Qxg6 b5 37. Re8#) 30. Rxd6 $1 {
Eliminiert eine wichtige Deckungsfigur: d6} 30... cxd6 31. Re1 a5 (31... Re7 {
holt die Kuh nicht vom Eis} 32. Rxe7 g6 33. Qh7+ Kf8 34. Qf7#) 32. Re8+ Rf8 33.
Rxf8+ Kxf8 34. Qg6 Ke7 35. Qxg7+ Kd8 36. h4 (36. h4 a4 37. h5 b5 38. Qf7 a3 39.
h6 b4 40. h7 b3 41. h8=Q#) 1-0

[Event "58. BEM 2004"]
[Site "Dortmund"]
[Date "2004.03.08"]
[Round "4.21"]
[White "Benke, Werner"]
[Black "Krüger, Inge"]
[Result "1-0"]
[WhiteElo "1609"]
[BlackElo "1335"]
[Annotator "Fritz 7 (15s)"]
[PlyCount "89"]
[EventDate "2004.??.??"]
[Source "SG Dortmund"]
[SourceDate "2004.12.16"]

{C02: French: Advance Variation
} 1. e4 e6 2. d4 d5 3. e5 c5 4. c3 cxd4 5. cxd4
Ne7 6. Nf3 Nec6 7. Nc3 $146 (7. Be3 Nd7 8. Nc3 a6 9. Bd3 b5 10. Rc1 Bb7 11. Ng5
g6 12. h4 Be7 13. Qg4 h5 14. Qh3 Bxg5 15. Bxg5 Ne7 16. O-O Qb6 17. Bxe7 Kxe7
18. Qe3 Kf8 19. Ne2 Kg7 20. Qg5 Qd8 21. Qxd8 Rhxd8 {
Cordes,M-Parado,D/Recklinghausen 2000/EXT 2001/1/2-1/2 (40)}) (7. a3 a5 8. b3
Be7 9. Bd3 Nd7 10. O-O Nb6 11. Bb2 Bd7 12. Nbd2 a4 13. b4 Na7 14. Qe2 O-O 15.
Rfc1 Qe8 16. Rc7 Rb8 17. h4 Na8 18. Rc2 Bb5 19. Rac1 Nb6 20. g3 Bxd3 21. Qxd3
Qb5 {Angelov,G-Sprecic,M/Tuzla 1990/EXT 97/0-1 (42)}) 7... Be7 8. Be2 O-O 9.
O-O Nd7 10. Bf4 a6 {Verwehrt dem Gegner b5} 11. Qd2 f6 12. exf6 Nxf6 13. Rac1 (
13. Ne5 Nxe5 14. Bxe5 Nd7 $14) 13... b5 (13... Ne4 $5 {ist eine Alternative}
14. Nxe4 dxe4 $11) 14. a3 Bd7 15. Bd3 Na5 16. Rcd1 Nc4 17. Qe2 h6 {Punkt g5} (
17... Rc8 18. Ne5 $14) 18. h3 {Der Gegner darf nicht nach g4} (18. Ne5 Be8 $16)
18... Bd6 (18... Nh5 19. Bh2 $11) 19. Ne5 Bxe5 20. Bxe5 {Der Brueckenkopf e5}
20... Qb6 21. Bb1 Be8 22. Qc2 g6 (22... Rc8 23. Bxf6 Rxf6 24. Qh7+ Kf7 25. Rd3
$14) 23. Kh1 Ra7 24. Rd3 Rg7 25. Rf3 Nxe5 26. dxe5 Nd7 27. Rxf8+ Nxf8 28. f4
Qb7 (28... b4 29. axb4 Qxb4 30. Qe2 $11) 29. Qd3 (29. Ne2 g5 $16) 29... Nd7 (
29... b4 30. Ne2 $11) 30. Qe3 Nb6 31. Ne2 Nc4 32. Qc3 Rc7 33. Rc1 Rc6 34. Nd4
Rb6 35. b4 Qg7 36. Qd3 g5 37. fxg5 hxg5 38. Nf3 (38. Re1 g4 $14) 38... Rb7 (
38... g4 $5 39. Nd4 Nxe5 $15) 39. Re1 $11 Qh6 40. Nh2 Rg7 (40... Bh5 $5 $11 {
ist bedenkenswert}) 41. Ng4 $16 Qg6 $4 {fuehrt zu weiterem Ungemach} (41... Qh4
$142 42. Qe2 Bf7 $16) 42. Qe2 Nxe5 (42... Qf7 {waere noch eine kleine Chance}
43. Nh6+ Kh8 44. Nxf7+ Bxf7 $18) 43. Bxg6 Bxg6 44. Qxe5 Bf5 45. Nh6+ (45. Nh6+
Kf8 46. Nxf5 Rg6 47. Qb8+ Kf7 48. Qb7+ Kf6 49. g4 Rg8 50. Qe7+ Kg6 51. Rxe6#)
1-0

[Event "58. BEM 2004"]
[Site "Dortmund"]
[Date "2004.03.08"]
[Round "4.22"]
[White "Schaefer, Ulrich"]
[Black "Scholtyßek, Norbert"]
[Result "0-1"]
[WhiteElo "1481"]
[BlackElo "1608"]
[Annotator "Fritz 7 (15s)"]
[PlyCount "52"]
[EventDate "2004.??.??"]
[Source "SG Dortmund"]
[SourceDate "2004.12.16"]

{B00: Queen's Fianchetto Defence, Nimzowitsch Defence
} 1. e4 Nc6 2. d4 d5 3.
e5 Bf5 4. Bb5 e6 5. Nf3 Qd7 (5... Bb4+ 6. Bd2 Bxd2+ 7. Qxd2 Nge7 8. Nc3 O-O 9.
O-O-O a6 10. Bd3 Bxd3 11. Qxd3 b6 12. h4 Nb4 13. Qd2 c5 14. a3 Nbc6 15. Rde1
Nf5 16. Ne2 c4 17. g4 Nfe7 18. Reg1 a5 19. Nc3 Rb8 20. Nb5 {
Dombrovsky,V-Vasilenko,D/Nikolaev 2001/EXT 2002/1-0 (66)}) 6. O-O a6 7. Bd3
$146 (7. Ba4 b5 8. Bb3 Na5 9. Be3 Ne7 10. Nbd2 Rc8 11. Nh4 c5 12. dxc5 Nb7 13.
c3 Nxc5 14. Bxc5 Rxc5 15. Nxf5 Nxf5 16. Bc2 g6 17. Nb3 Rc8 18. Bxf5 gxf5 19. f4
b4 20. cxb4 Bxb4 21. Rf3 Qa7+ 22. Kh1 Rc4 23. Rc1 Qc7 24. h3 O-O 25. g4 Rc8 26.
Rf1 Rxc1 27. Qxc1 Qxc1 28. Rxc1 Rxc1+ 29. Nxc1 fxg4 30. hxg4 Kg7 31. Kg2 f6 32.
exf6+ Kxf6 33. Nd3 Bd6 34. Kf3 e5 35. fxe5+ Bxe5 36. Nb4 Ke6 37. Nxa6 Bxb2 {
1/2-1/2 Rohde,T-Ullmann,R/Baunatal 1998/EXT 2000 (37)}) 7... Bg4 8. c3 {
Ueberdeckt b4} 8... f5 9. h3 Bh5 10. Re1 h6 {Es geht um g5} 11. h4 (11. Nbd2 $5
$14) 11... Be7 12. g3 g5 13. hxg5 hxg5 14. Kg2 g4 {Raumgewinn} 15. Ng1 O-O-O
16. b4 Na7 17. a4 Kb8 18. Ne2 Nh6 19. Rh1 Nf7 $2 (19... Qe8 $142 $14 {
und Schwarz kann noch kaempfen}) 20. Nf4 $18 Ng5 (20... Qe8 21. Nxe6 Bg6 22.
Rxh8 Qxh8 23. Nxd8 Nxd8 $18) 21. Rxh5 (21. Nxh5 $142 $5 Nc8 $18) 21... Rxh5 22.
Nxh5 Rh8 23. Nf4 $4 {wirft den Vorteil weg} (23. Bxg5 $142 Bxg5 24. f4 $14)
23... Nf3 $17 24. Qb3 $4 {schlecht aber verstaendlich} (24. Be2 $142 Rh2+ 25.
Kf1 Rh1+ 26. Kg2 Rxd1 27. Bxd1 $17) 24... Rh2+ 25. Kf1 Rh1+ 26. Ke2 (26. Kg2 {
macht keinen grossen Unterschied} 26... Rg1#) 26... Re1# 0-1